Pilotos de Fórmula 1 que disputaram corridas oficiais em 2024 - Statistics

Estatísticas Gerais
  • Esse quiz foi jogado 251 vezes
  • A pontuação média é 19 de 23
Estatísticas das Respostas
Pilotos % Correto
Lewis Hamilton
98%
Max Verstappen
98%
Charles Leclerc
96%
Carlos Sainz
93%
Lando Norris
92%
Oscar Piastri
90%
Pierre Gasly
88%
Sérgio Perez
88%
Yuki Tsunoda
88%
Esteban Ocon
86%
Fernando Alonso
86%
George Russell
85%
Valtteri Bottas
84%
Franco Colapinto
83%
Lance Stroll
82%
Nico Hülkenberg
81%
Zhou Guanyu
79%
Alexander Albon
78%
Kevin Magnussen
77%
Daniel Ricciardo
75%
Oliver Bearman
72%
Liam Lawson
69%
Logan Sargeant
66%
Nenhum quiz correspondente encontrado
Distribuição das Pontuações
Porcentagem de Pessoas com Cada Pontuação
Percentil de Números Respondidos
Sua Pontuação Histórica
Você não jogou esse quiz